000 00371pab a2200133 454500
008 180718b1986 xxu||||| |||| 00| 0 eng d
100 _aHourihan, Kevin
245 _aThe impact of urbanisation on municipal government in Ireland
260 _c1986
300 _a221-32
650 _aMunicipal Government - Ireland
773 _aAdministration (Ireland)
909 _a13935
999 _c13935
_d13935